| 000 | 01048nas a2200325 4500 | ||
|---|---|---|---|
| 001 | BR2012006685 | ||
| 003 | BR-BrBNA | ||
| 005 | 20231205121114.0 | ||
| 007 | ta | ||
| 008 | 230509b bl.|||p| |||| 00| 00por d | ||
| 040 |
_aBR-BrBNA _bpor _cBiblioteca Nacional de Agricultura |
||
| 041 | _a(Pt) | ||
| 072 | _aF30 | ||
| 100 | 1 | _aGaino, A.P. da S. de C. | |
| 100 | 1 | _aBasseto, M.A. | |
| 100 | 1 | _aGasparotto, L. | |
| 100 | 1 | _aPoltronieri, L.S. | |
| 100 | 1 | _aCeresini, P.C. | |
| 245 | 1 | _aInferência filogenética revela a complexa etiologia das manchas areolada e foliar em seringueira e em outras espécies cultivadas na Amazônia | |
| 650 | _aHEVEA BRASILIENSIS | ||
| 650 | _aRHIZOCTONIA SOLANI | ||
| 650 | _aSERINGUEIRA | ||
| 650 | _aANASTOMOSE | ||
| 650 | _aPATOGENICIDADE | ||
| 650 | _aFRUTA CÍTRICA | ||
| 650 | _aMANCHA AUREOLADA | ||
| 773 | 0 |
_tActa Scientiarum. Agronomy (Brazil) _xISSN 1679-9275 _g(Jul- Sept 2010), v. 32(3) p. 385-402 _wBR2012006685 |
|
| 909 |
_a202311 _bLúcia _c55 _dLúcia Elande |
||
| 942 |
_2AGRIS _n0 _cANA |
||
| 999 |
_c221854 _d221854 |
||